Základný výskum vybraných lokalít údajovej základne o prevádzke a nákladoch na tokoch R 05-531-145.01.01 (int. ev. č. 6636)

Saved in:
Bibliographic Details
Main Author: Berník, Peter
Other Authors: Romančíková, Eva, Rybovičová, Dagmar, Sestrienková, Jana, Mažári, Ladislav
Format: Book
Language:Slovak
Published: Bratislava 1984
Tags: Add Tag
No Tags, Be the first to tag this record!

MARC

LEADER 00000nam$a2200000$$$4500
001 0091972
005 20240502072027.7
041 0 |a slo 
044 |a SK 
245 1 0 |a Základný výskum vybraných lokalít údajovej základne o prevádzke a nákladoch na tokoch  |b R 05-531-145.01.01 (int. ev. č. 6636)  |c Peter Berník a kolektív 
264 1 |a Bratislava  |c 1984 
300 |a [57] s. 
100 1 |a Berník, Peter 
700 1 |a Romančíková, Eva 
700 1 |a Rybovičová, Dagmar 
700 1 |a Sestrienková, Jana 
700 1 |a Mažári, Ladislav